<?xml version="1.0" encoding="UTF-8"?>
<collection xmlns:xsi="http://www.w3.org/2001/XMLSchema-instance" xsi:schemaLocation="http://www.loc.gov/MARC21/slim http://www.loc.gov/standards/marcxml/schema/MARC21slim.xsd" xmlns="http://www.loc.gov/MARC21/slim">
 <record>
  <leader>00000cam a22000003i 4500</leader>
  <controlfield tag="001">UP-1685594773862036181</controlfield>
  <controlfield tag="003">Buklod</controlfield>
  <controlfield tag="005">20160905172416.0</controlfield>
  <controlfield tag="006">g||| |     ||   ||</controlfield>
  <controlfield tag="007">ta</controlfield>
  <controlfield tag="008">160908s1994    caua    rb   |001 0|eng d</controlfield>
  <datafield tag="020" ind1=" " ind2=" ">
   <subfield code="a">1559342307</subfield>
  </datafield>
  <datafield tag="035" ind1=" " ind2=" ">
   <subfield code="a">(iLib)UPBAG-00021792068</subfield>
  </datafield>
  <datafield tag="040" ind1=" " ind2=" ">
   <subfield code="a">DLC</subfield>
   <subfield code="d">BAG</subfield>
   <subfield code="e">rda</subfield>
  </datafield>
  <datafield tag="041" ind1="0" ind2=" ">
   <subfield code="a">eng</subfield>
  </datafield>
  <datafield tag="090" ind1=" " ind2="0">
   <subfield code="a">B 74</subfield>
   <subfield code="b">P35 1994</subfield>
  </datafield>
  <datafield tag="100" ind1="1" ind2=" ">
   <subfield code="a">Palmer, Donald</subfield>
   <subfield code="e">author.</subfield>
  </datafield>
  <datafield tag="245" ind1="1" ind2="0">
   <subfield code="a">Looking at philosophy</subfield>
   <subfield code="b">the unbearable heaviness of philosophy made lighter</subfield>
   <subfield code="c">text and illustrations by Donald Palmer.</subfield>
  </datafield>
  <datafield tag="250" ind1=" " ind2=" ">
   <subfield code="a">Second edition.</subfield>
  </datafield>
  <datafield tag="264" ind1=" " ind2="1">
   <subfield code="a">Mountain View, California</subfield>
   <subfield code="b">Mayfield Publishing Company</subfield>
   <subfield code="c">[1994]</subfield>
  </datafield>
  <datafield tag="300" ind1=" " ind2=" ">
   <subfield code="a">xiii, 412 pages</subfield>
   <subfield code="b">illustrations</subfield>
   <subfield code="c">24 cm</subfield>
  </datafield>
  <datafield tag="336" ind1=" " ind2=" ">
   <subfield code="a">text</subfield>
   <subfield code="2">rdacontent</subfield>
  </datafield>
  <datafield tag="337" ind1=" " ind2=" ">
   <subfield code="a">unmediated</subfield>
   <subfield code="2">rdamedia</subfield>
  </datafield>
  <datafield tag="338" ind1=" " ind2=" ">
   <subfield code="a">volume</subfield>
   <subfield code="2">rdacarrier</subfield>
  </datafield>
  <datafield tag="504" ind1=" " ind2=" ">
   <subfield code="a">Includes bibliographical references (pages 393-401) and index.</subfield>
  </datafield>
  <datafield tag="505" ind1="0" ind2=" ">
   <subfield code="a">I. The pre-Socratic philosophers: Thales ; Anaximander ; Anaximenes ; Pythagoras ; Heraclitus ; Parmenides ; Zeno ; Empedocles ; Anaxagoras ; Leucippus ; Democritus -- II. The Athenian period: The Sophists: Protagoras ; Gorgias ; Thrasymachus ; Callicles ; Critias ; Socrates ; Plato ; Aristotle -- III. The Hellenestic period: Epicureanism ; Stoicism ; Neo-Platonism -- IV. Medieval philosophy: St. Augustine ; The encyclopediasts ; John Scotus Erigena ; St. Anselm ; The problem of faith and reason ; The problem of universals ; St. Thomas Aquinas -- V. The 17th and 18th centuries: Descartes ; Hobbes ; Spinoza ; Leibniz ; Locke ; Berkeley ; Hume ; Kant -- VI. The 19th century: Hegel ; Schopenhauer ; Kierkegaard ; Marx ; Nietzsche ; Utilitarianism: Bentham ; Mill -- VII. The 20th century: Pragmatism: James ; Dewey ; G.E. Moore ; Russell ; Logical positivism: Husserl ; Wittgenstein ; Heidegger ; Sartre ; Structuralism: Saussure ; Lévi-Strauss ; Poststructuralism: Lacan ; Derrida ; Irigaray.</subfield>
  </datafield>
  <datafield tag="650" ind1=" " ind2="0">
   <subfield code="a">Philosophy</subfield>
   <subfield code="x">History.</subfield>
  </datafield>
  <datafield tag="650" ind1=" " ind2="0">
   <subfield code="a">Philosophy</subfield>
   <subfield code="x">History</subfield>
   <subfield code="v">Caricatures and cartoons.</subfield>
  </datafield>
  <datafield tag="650" ind1=" " ind2="0">
   <subfield code="a">American wit and humor, Pictorial.</subfield>
  </datafield>
  <datafield tag="905" ind1=" " ind2=" ">
   <subfield code="a">FO</subfield>
  </datafield>
  <datafield tag="852" ind1="0" ind2=" ">
   <subfield code="a">UPBAG</subfield>
   <subfield code="b">UPBAG-MAIN</subfield>
   <subfield code="h">B 74 P35 1994</subfield>
  </datafield>
  <datafield tag="942" ind1=" " ind2=" ">
   <subfield code="a">Book</subfield>
  </datafield>
 </record>
</collection>
